Statistics for Oldest US State Capitals

Click here to take the quiz!

General Stats

  • This quiz has been taken 23 times
  • The average score is 8 of 10

Answer Stats

YearAnswer% Correct
1797Albany
95%
1780Richmond
89%
1630Boston
84%
1792Raleigh
84%
1694Annapolis
74%
1786Columbia
74%
1777Dover
74%
1784Trenton
74%
1792Frankfort
63%
1610Santa Fe
53%

Score Distribution

Percentile by Number Answered

Percent of People with Each Score

Your Score History

You have not taken this quiz